[Event "Team men HL chess 2017"]
[Site "Sochi"]
[Date "2017.05.03"]
[Round "3.3"]
[White "Kurbedinov, Ramis"]
[Black "Sarana, Alexey"]
[Result "0-1"]
[WhiteElo "2318"]
[BlackElo "2472"]
[PlyCount "70"]
[EventDate "2017.05.01"]

1. d4 Nf6 2. Nf3 d5 3. c4 e6 4. Nc3 dxc4 5. e3 a6 6. a4 b6 7. Bxc4 Bb7 8. O-O
Bb4 9. Qe2 O-O 10. Bd3 c5 11. Na2 Nc6 12. e4 Nxd4 13. Nxd4 Qxd4 14. Be3 Qd6 15.
Nxb4 cxb4 16. Rfd1 Rfc8 17. f3 Qe7 18. Bxb6 Nd7 19. Bd4 Ne5 20. a5 Nxd3 21.
Qxd3 Bc6 22. Bb6 Bb5 23. Qd2 h6 24. Rac1 Kh7 25. Qf4 Ba4 26. Rxc8 Rxc8 27. Ra1
Bc2 28. h3 b3 29. Kh2 Rc4 30. Re1 Ra4 31. Re3 Ra2 32. Rc3 Qf6 33. Qc1 Qe5+ 34.
f4 Qxc3 35. bxc3 Bxe4 0-1

[Event "Team men HL chess 2017"]
[Site "Sochi"]
[Date "2017.05.03"]
[Round "3.3"]
[White "Ofitserian, Boris"]
[Black "Derjabin, Ilja"]
[Result "0-1"]
[WhiteElo "2391"]
[BlackElo "2341"]
[PlyCount "72"]
[EventDate "2017.05.01"]

1. d4 Nf6 2. c4 d6 3. Nc3 Bf5 4. Nf3 h6 5. e3 Nbd7 6. Bd3 Bxd3 7. Qxd3 e5 8.
O-O Be7 9. Rd1 O-O 10. b3 c6 11. Bb2 Re8 12. Qf5 g6 13. Qh3 e4 14. Nd2 Bf8 15.
Rf1 h5 16. Rae1 Bh6 17. Qg3 d5 18. f3 Qb8 19. Qxb8 Raxb8 20. cxd5 Nxd5 21. Nxd5
cxd5 22. fxe4 dxe4 23. Nc4 f5 24. Kf2 Nf6 25. Ne5 Rbc8 26. Re2 Kh7 27. Rc1 Nd5
28. Rc5 Rxc5 29. dxc5 f4 30. exf4 Nxf4 31. Nd7 Bg5 32. Bf6 Kh6 33. Bxg5+ Kxg5
34. c6 bxc6 35. h4+ Kf5 36. Re3 Nd3+ 0-1

[Event "Team men HL chess 2017"]
[Site "Sochi"]
[Date "2017.05.03"]
[Round "3.4"]
[White "Ponkratov, Pavel"]
[Black "Pakhomov, Alexey"]
[Result "1/2-1/2"]
[WhiteElo "2590"]
[BlackElo "2343"]
[PlyCount "95"]
[EventDate "2017.05.01"]

1. e4 Nf6 2. e5 Nd5 3. d4 d6 4. Nf3 Bg4 5. Be2 e6 6. O-O Be7 7. c4 Nb6 8. exd6
cxd6 9. Nc3 O-O 10. Be3 d5 11. c5 Bxf3 12. Bxf3 Nc4 13. Bc1 Nc6 14. b3 N4a5 15.
Rb1 Bf6 16. Ne2 b5 17. Be3 g6 18. Qd2 Re8 19. Rfd1 Qd7 20. g3 Rab8 21. h4 b4
22. h5 Ne7 23. Bg4 Nac6 24. hxg6 hxg6 25. Kg2 Nf5 26. Bxf5 exf5 27. Ng1 Re4 28.
Nf3 Rbe8 29. Rbc1 a5 30. Re1 Bg7 31. Rcd1 f6 32. Ng1 Qe6 33. Re2 g5 34. Rde1 f4
35. gxf4 g4 36. f3 gxf3+ 37. Nxf3 Ne7 38. Kf2 Nf5 39. Qd3 Nh6 40. f5 Ng4+ 41.
Kg3 Qxf5 42. Bd2 Nh6 43. Qb5 Qg6+ 44. Kf2 Ng4+ 45. Kf1 Qh5 46. Kg2 Qg6 47. Kf1
Qh5 48. Kg2 1/2-1/2

[Event "Team men HL chess 2017"]
[Site "Sochi"]
[Date "2017.05.03"]
[Round "3.4"]
[White "Meshkov, Yuri A"]
[Black "Matsenko, Andrei"]
[Result "0-1"]
[WhiteElo "2345"]
[BlackElo "2314"]
[PlyCount "115"]
[EventDate "2017.05.01"]

1. Nf3 Nf6 2. c4 e6 3. g3 b6 4. Bg2 Bb7 5. O-O c5 6. d4 cxd4 7. Qxd4 Nc6 8. Qf4
Qb8 9. Nc3 Be7 10. Rd1 d6 11. b3 O-O 12. Bb2 Ne5 13. Ne1 Rd8 14. e4 a6 15. a4
Nfd7 16. Rab1 Qc7 17. Qe3 Bf6 18. h3 Qc5 19. Qe2 Rac8 20. Bf1 Nc6 21. Nc2 Nb4
22. Nxb4 Qxb4 23. Na2 Qc5 24. Bg2 Qc7 25. Bxf6 Nxf6 26. Nc3 Rd7 27. Rd4 Qc5 28.
Rd3 Rcd8 29. Rbd1 Ne8 30. Qb2 Nf6 31. Qd2 Ne8 32. Kh2 Bc6 33. Rd4 h6 34. f4 Kf8
35. Nd5 exd5 36. b4 Qxc4 37. exd5 Qxd4 38. Qxd4 Bxa4 39. Rc1 Rb8 40. g4 Bb5 41.
g5 hxg5 42. fxg5 a5 43. h4 Re7 44. h5 Re5 45. bxa5 bxa5 46. Qa7 Rd8 47. Qxa5
Rb8 48. Qa7 Rd8 49. Qb6 Ra8 50. Qxb5 Rxg5 51. Bf3 Ra2+ 52. Kh3 Ra3 53. Kh4 Re5
54. Rf1 Kg8 55. Qd7 Rae3 56. Bg4 Re7 57. Be6 Rxd7 58. Bxd7 0-1

[Event "Team men HL chess 2017"]
[Site "Sochi"]
[Date "2017.05.03"]
[Round "3.4"]
[White "Mokin, Nikolai"]
[Black "Babarykin, Stanislav"]
[Result "1-0"]
[WhiteElo "2277"]
[BlackElo "2354"]
[PlyCount "63"]
[EventDate "2017.05.01"]

1. Nf3 Nf6 2. d4 g6 3. c4 Bg7 4. Nc3 O-O 5. e4 d6 6. Be2 e5 7. O-O Nc6 8. d5
Ne7 9. b4 Nh5 10. Re1 f5 11. Nd2 Nf6 12. c5 fxe4 13. cxd6 cxd6 14. Ndxe4 Nf5
15. Nxf6+ Bxf6 16. Ne4 Bg7 17. b5 Rf7 18. Ba3 Bf8 19. Bb2 Bd7 20. a4 a6 21.
bxa6 bxa6 22. a5 Rb8 23. Bc3 Bb5 24. Rb1 Rfb7 25. Bxb5 Rxb5 26. Qd3 Be7 27.
Rbc1 Qf8 28. Bd2 Rc8 29. h3 Rxc1 30. Rxc1 Qa8 31. Rc7 Qb8 32. Qc4 1-0

[Event "Team men HL chess 2017"]
[Site "Sochi"]
[Date "2017.05.03"]
[Round "3.4"]
[White "Suslov, Evgeniy"]
[Black "Kazantsev, Nikita"]
[Result "1-0"]
[WhiteElo "2252"]
[BlackElo "2244"]
[PlyCount "57"]
[EventDate "2017.05.01"]

1. Nf3 Nf6 2. c4 g6 3. g3 Bg7 4. Bg2 O-O 5. O-O d6 6. Nc3 Nc6 7. Rb1 e5 8. d3
a5 9. a3 d5 10. cxd5 Nxd5 11. Nxd5 Qxd5 12. Be3 Qb5 13. Qc2 Be6 14. Rfc1 Rfd8
15. Ng5 Bd5 16. Ne4 Nd4 17. Bxd4 exd4 18. Qxc7 Ba2 19. Rc5 Qb3 20. Rbc1 Qxb2
21. R5c2 Qb3 22. Nc5 Qb5 23. Qxb7 Qxb7 24. Bxb7 Bd5 25. Bxa8 Rxa8 26. Nd7 Bb7
27. Rb2 Ba6 28. Rb8+ Rxb8 29. Nxb8 1-0

[Event "Team men HL chess 2017"]
[Site "Sochi"]
[Date "2017.05.03"]
[Round "3.5"]
[White "Pavlov, Maxim"]
[Black "Sychev, Klementy"]
[Result "0-1"]
[WhiteElo "2486"]
[BlackElo "2459"]
[PlyCount "68"]
[EventDate "2017.05.01"]

1. e4 e5 2. Nf3 Nc6 3. Bb5 a6 4. Bxc6 dxc6 5. Nc3 f6 6. d4 exd4 7. Nxd4 c5 8.
Nde2 Qxd1+ 9. Nxd1 Be6 10. Bf4 O-O-O 11. Ne3 Ne7 12. Nc3 g5 13. Bg3 f5 14. Be5
Rg8 15. Bf6 Rd7 16. Rd1 f4 17. Rxd7 Kxd7 18. Ned5 Nxd5 19. Nxd5 Rg6 20. Bh8 b5
21. Ke2 Bxd5 22. Rd1 c6 23. exd5 Bd6 24. dxc6+ Kxc6 25. h3 h5 26. b3 Rh6 27.
Bc3 g4 28. Rh1 Re6+ 29. Kd3 g3 30. f3 c4+ 31. bxc4 bxc4+ 32. Kd2 Bc5 33. Bg7
Be3+ 34. Kc3 Rd6 0-1

[Event "Team men HL chess 2017"]
[Site "Sochi"]
[Date "2017.05.03"]
[Round "3.5"]
[White "Zakhartsov, Vladimir"]
[Black "Alexeev, Alexey"]
[Result "0-1"]
[WhiteElo "2442"]
[BlackElo "2301"]
[PlyCount "170"]
[EventDate "2017.05.01"]

1. e4 e6 2. d4 d5 3. Nd2 c5 4. exd5 Qxd5 5. dxc5 Nf6 6. Ngf3 Qxc5 7. Bd3 Be7 8.
Qe2 O-O 9. Ne4 Qc7 10. Nxf6+ Bxf6 11. Qe4 g6 12. h4 e5 13. g4 Nd7 14. Be3 Nc5
15. Bxc5 Qxc5 16. h5 Be6 17. hxg6 hxg6 18. g5 Bg7 19. O-O-O Rfd8 20. Qe3 Qxe3+
21. fxe3 Bd5 22. e4 Be6 23. Kd2 Bg4 24. Ke2 Rac8 25. Rhg1 Bh5 26. c3 Bf8 27.
Rg3 Rc7 28. Bc2 Rxd1 29. Bxd1 b5 30. Bb3 b4 31. Kd3 bxc3 32. bxc3 Bxf3 33. Rxf3
Ba3 34. Kc2 Bc5 35. Bd5 Bg1 36. c4 Bh2 37. Rb3 Bf4 38. Rb8+ Kg7 39. Kb3 Bxg5
40. c5 Be7 41. c6 f5 42. exf5 gxf5 43. Kc4 Kf6 44. Rh8 Kg5 45. Bg2 e4 46. Kd5
Kf4 47. Rh1 Bb4 48. Bxe4 fxe4 49. Rh4+ Kf3 50. Rxe4 Ba5 51. Re8 Rh7 52. Kc4 Rh5
53. a4 Bb6 54. Kb4 Rc5 55. Re6 a5+ 56. Kb3 Kf4 57. Rh6 Ke4 58. Rh4+ Kd5 59.
Rh5+ Kxc6 60. Rh6+ Kb7 61. Rg6 Bc7 62. Rh6 Be5 63. Re6 Rc3+ 64. Kb2 Re3+ 65.
Ka2 Bf4 66. Rg6 Re4 67. Ka3 Bc1+ 68. Kb3 Rb4+ 69. Kc2 Bf4 70. Rg7+ Bc7 71. Rg6
Rxa4 72. Kb3 Rb4+ 73. Ka2 Rb6 74. Rg7 Rh6 75. Kb3 Kb6 76. Rg4 Bd8 77. Rg8 Rh3+
78. Ka4 Rh4+ 79. Kb3 a4+ 80. Ka2 Bc7 81. Rg6+ Kb5 82. Rg7 Rh2+ 83. Kb1 Bb6 84.
Rg5+ Kc4 85. Rg8 a3 0-1

[Event "Team men HL chess 2017"]
[Site "Sochi"]
[Date "2017.05.03"]
[Round "3.5"]
[White "Linker, Mikhail"]
[Black "Gochelashvili, David"]
[Result "0-1"]
[WhiteElo "2239"]
[BlackElo "2425"]
[PlyCount "120"]
[EventDate "2017.05.01"]

1. d4 g6 2. e4 Bg7 3. Nc3 c6 4. h3 d5 5. e5 Nh6 6. Nf3 f6 7. Bf4 O-O 8. Qd2 Nf7
9. O-O-O Bf5 10. Kb1 Nd7 11. Re1 fxe5 12. dxe5 Nc5 13. Nd4 Ne6 14. Nxf5 gxf5
15. Bd3 Nxf4 16. Qxf4 e6 17. g4 Qh4 18. Qh2 f4 19. Qxf4 Nxe5 20. Qb4 Qf6 21. h4
Qf4 22. Qd6 Rfe8 23. Ne2 Qd2 24. Rd1 Qa5 25. h5 c5 26. c3 Rad8 27. b4 Rxd6 28.
bxa5 c4 29. Bc2 Nxg4 30. Rdg1 Nh6 31. f4 Kh8 32. Rh3 Bf6 33. Re3 Rf8 34. a3 Rg8
35. Re1 Ng4 36. Rf3 Nh2 37. Re3 Bh4 38. Rh1 Bf2 39. Rh3 Ng4 40. h6 Bc5 41. Re1
Be3 42. Nd4 Bxf4 43. Nxe6 Re8 44. Rg1 Rdxe6 45. Rxg4 Re1+ 46. Kb2 Bc1+ 47. Ka2
R8e2 48. Rhg3 Bg5 49. Rg2 Rxg2 50. Rxg2 Bxh6 51. Rh2 Bg7 52. Kb2 Re3 53. Bxh7
Bxc3+ 54. Kc2 Be5 55. Rh5 Kg7 56. a4 d4 57. Bf5 d3+ 58. Kd2 Re2+ 59. Kd1 Bc3
60. Rh1 Ra2 0-1

[Event "Team men HL chess 2017"]
[Site "Sochi"]
[Date "2017.05.03"]
[Round "3.5"]
[White "Dordzhieva, Dinara"]
[Black "Pervakov, Sergey"]
[Result "1-0"]
[WhiteElo "2271"]
[BlackElo "2134"]
[PlyCount "105"]
[EventDate "2017.05.01"]

1. Nf3 Nf6 2. c4 d6 3. d4 g6 4. g3 Bg7 5. Bg2 O-O 6. Nc3 Nc6 7. O-O a6 8. Qd3
e5 9. dxe5 dxe5 10. Qxd8 Rxd8 11. Bg5 Re8 12. Nd5 Nxd5 13. cxd5 Nb4 14. Nd2 h6
15. Be3 Rd8 16. Rfc1 Nxd5 17. Bxd5 Rxd5 18. Rxc7 b5 19. Ne4 Bf5 20. Nc3 Rdd8
21. f3 Rac8 22. Rxc8 Rxc8 23. a3 Rc4 24. Kf2 e4 25. Rd1 exf3 26. exf3 b4 27.
Nd5 Bc2 28. Nb6 Rc6 29. Rd8+ Kh7 30. axb4 Bxb2 31. Rc8 Rxc8 32. Nxc8 g5 33. Nb6
Kg6 34. Nc4 Bg7 35. Bc5 Ba4 36. Ke3 f5 37. Bd6 Bb5 38. Ne5+ Kf6 39. f4 Ke6 40.
Bc5 Kd5 41. Be7 gxf4+ 42. gxf4 h5 43. Kf3 Ba4 44. Ke3 Bc2 45. Kf3 Bb1 46. Ke3
Be4 47. Kd2 Bh6 48. Ke3 Bc2 49. Nd7 Kc4 50. Nc5 Kb5 51. Ne6 Bb3 52. Nd4+ Kc4
53. Nxf5 1-0

[Event "Team men HL chess 2017"]
[Site "Sochi"]
[Date "2017.05.03"]
[Round "3.6"]
[White "Domogaev, Sergey"]
[Black "Tekeyev, Zaur"]
[Result "0-1"]
[WhiteElo "2431"]
[BlackElo "2383"]
[PlyCount "134"]
[EventDate "2017.05.01"]

1. d4 Nf6 2. c4 g6 3. Nc3 Bg7 4. e4 O-O 5. Be2 d6 6. Bg5 Na6 7. f4 c6 8. Qd2 b5
9. cxb5 cxb5 10. Bxb5 Rb8 11. Bc4 Nb4 12. Nf3 Nxe4 13. Nxe4 d5 14. O-O dxc4 15.
Qc3 Re8 16. Kh1 Bf5 17. Ned2 Nd5 18. Qa3 c3 19. bxc3 Ne3 20. Rfe1 Nc2 21. Qxa7
Nxa1 22. Rxa1 Qd6 23. Re1 f6 24. Bh4 Ra8 25. Qb7 Rab8 26. Qa7 Be6 27. c4 Rb2
28. d5 Bf5 29. Bf2 Bf8 30. Bc5 Qxf4 31. d6 Rxd2 32. Be3 Rxa2 33. Qxa2 Qxd6 34.
Nd4 Be4 35. Bg1 Bb7 36. Ne6 Ra8 37. Qe2 Bh6 38. c5 Qd2 39. Nd4 Qxe2 40. Rxe2 e5
41. c6 Ba6 42. Ra2 exd4 43. Bxd4 Rd8 44. Rxa6 Rxd4 45. g3 Rc4 46. c7 Rxc7 47.
Rxf6 Rc2 48. Ra6 Be3 49. Re6 Bg5 50. Re5 Bf6 51. Rb5 Kg7 52. Rb7+ Kh6 53. Rf7
Bd4 54. Rd7 Rd2 55. Rf7 Re2 56. Rf4 Be3 57. Re4 Kg5 58. h3 Kf5 59. Re8 h5 60.
Re7 h4 61. Rf7+ Kg5 62. Rf3 hxg3 63. Rxg3+ Kh5 64. Rg4 Rc2 65. Re4 Bb6 66. Re5+
g5 67. h4 Rc1+ 0-1

[Event "Team men HL chess 2017"]
[Site "Sochi"]
[Date "2017.05.03"]
[Round "3.6"]
[White "Nechaev, Oleg"]
[Black "Skurikhin, Dmitrij"]
[Result "1-0"]
[WhiteElo "2386"]
[BlackElo "2345"]
[PlyCount "181"]
[EventDate "2017.05.01"]

1. d4 d5 2. Nf3 Nf6 3. c4 e6 4. Nc3 Nbd7 5. cxd5 exd5 6. Bg5 Be7 7. e3 O-O 8.
Qc2 c6 9. Bd3 Re8 10. O-O Nf8 11. Rae1 Ne4 12. Bxe7 Qxe7 13. Bxe4 dxe4 14. Nd2
f5 15. f3 exf3 16. Rxf3 Be6 17. b3 Rad8 18. Ne2 Bd5 19. Rg3 Ng6 20. Rf1 Rf8 21.
Nf4 Nxf4 22. Rxf4 Qe6 23. h4 a5 24. Qc3 Qe7 25. Qc2 Qe6 26. Qc3 Qe7 27. Qc2 Qe6
28. Qc5 Ra8 29. Nc4 b5 30. Nb6 Rad8 31. Nxd5 Qxd5 32. Qa7 Qd7 33. Qxa5 Ra8 34.
Qd2 Qa7 35. Rf2 Qe7 36. Rg5 g6 37. Qc3 Rac8 38. Rf3 Rf6 39. h5 Re6 40. Rfg3 Kf7
41. a4 bxa4 42. bxa4 Rb8 43. d5 Rf6 44. dxc6 Rb1+ 45. Kh2 Qc7 46. Qc4+ Kg7 47.
hxg6 hxg6 48. Qd4 Kf7 49. Qh4 Kg7 50. Rh5 Qxc6 51. Rh7+ Kf8 52. Qh6+ Ke8 53.
Qg7 Qd6 54. Qg8+ Qf8 55. Rxg6 Rbb6 56. Qd5 Qd6+ 57. Qxd6 Rbxd6 58. Rg8+ Rf8 59.
Rxf8+ Kxf8 60. Kg3 Ra6 61. Kf4 Ra5 62. Rh5 Rxa4+ 63. Kxf5 Ra5+ 64. Kg4 Ra1 65.
Rf5+ Kg7 66. e4 Re1 67. Kf4 Rf1+ 68. Ke5 Ra1 69. Rf3 Kg6 70. Rg3+ Kf7 71. Kf5
Rf1+ 72. Rf3 Ra1 73. g4 Ra6 74. e5 Ra1 75. g5 Rb1 76. g6+ Kg7 77. Rf4 Rb5 78.
Ra4 Rb7 79. Rh4 Rb1 80. Rh7+ Kg8 81. Rd7 Ra1 82. Kf6 Rf1+ 83. Ke7 Kg7 84. Rd6
Rf5 85. e6 Ra5 86. Kd8 Ra8+ 87. Kd7 Kxg6 88. Rc6 Kf6 89. Rc7 Ra1 90. e7 Kf7 91.
e8=Q+ 1-0

[Event "Team men HL chess 2017"]
[Site "Sochi"]
[Date "2017.05.03"]
[Round "3.6"]
[White "Pogosian, Georgy"]
[Black "Rozhko, Dmitry"]
[Result "1/2-1/2"]
[WhiteElo "2204"]
[BlackElo "2351"]
[PlyCount "86"]
[EventDate "2017.05.01"]

1. e4 c6 2. d4 d5 3. exd5 cxd5 4. c4 Nf6 5. Nc3 g6 6. cxd5 Bg7 7. Qb3 O-O 8.
Be2 Nbd7 9. Bf3 Nb6 10. Nge2 Bg4 11. Bxg4 Nxg4 12. Bf4 Nf6 13. d6 exd6 14. O-O
Nh5 15. Be3 d5 16. Rac1 Qd7 17. Rfd1 Rfc8 18. Nf4 Nxf4 19. Bxf4 Rc6 20. Qb5 h5
21. Qd3 Qg4 22. Be3 Re8 23. b3 Rec8 24. h3 Qh4 25. Ne2 Qe4 26. Rxc6 Rxc6 27.
Qxe4 dxe4 28. d5 Rd6 29. Bxb6 axb6 30. g4 h4 31. Kg2 f5 32. f3 Kf7 33. fxe4
fxe4 34. g5 Rd8 35. Kf2 Bf8 36. Nf4 Rc8 37. Ke3 Be7 38. Kxe4 Bxg5 39. Ne6 Bf6
40. Rf1 Ke7 41. Nf4 Kf7 42. Ne6 Ke7 43. Nf4 Kf7 1/2-1/2

[Event "Team men HL chess 2017"]
[Site "Sochi"]
[Date "2017.05.03"]
[Round "3.6"]
[White "Nuristani, Iman"]
[Black "Parfenov, Viktor N"]
[Result "0-1"]
[WhiteElo "2026"]
[BlackElo "2240"]
[PlyCount "144"]
[EventDate "2017.05.01"]

1. d4 Nf6 2. c4 e6 3. Nc3 Bb4 4. e3 O-O 5. Nge2 d5 6. a3 Be7 7. Nf4 dxc4 8.
Bxc4 c5 9. O-O Nbd7 10. Bd3 e5 11. Nfe2 a6 12. Bc2 b5 13. dxc5 Nxc5 14. b4 Ncd7
15. Nd5 Bb7 16. Nxe7+ Qxe7 17. Ng3 Nb6 18. e4 Bc8 19. Be3 Rd8 20. Qe2 Nc4 21.
Bc5 Qe8 22. Bd3 Bg4 23. f3 Be6 24. Nf5 Nd7 25. Bf2 Nf8 26. Rfc1 Ng6 27. g3 Ne7
28. Ne3 Nxe3 29. Qxe3 Nc6 30. Rc5 f6 31. f4 Nd4 32. Re1 Qh5 33. Be2 Bg4 34.
Bxg4 Qxg4 35. Kg2 exf4 36. Qxf4 Qxf4 37. gxf4 Ne6 38. Rf5 Kf7 39. e5 Kg6 40.
exf6 Kxf5 41. Re5+ Kxf6 42. Bh4+ Kf7 43. Bxd8 Rxd8 44. f5 Nf4+ 45. Kf3 Nd5 46.
Re6 Ne7 47. Rxa6 Nxf5 48. Ke4 Ne7 49. Ra7 Ke6 50. Rb7 Ra8 51. Rb6+ Kf7 52. Rxb5
Rxa3 53. Rh5 h6 54. b5 Ke6 55. Rc5 Ra2 56. Rh5 Nf5 57. b6 Ra4+ 58. Kd3 Rb4 59.
Kc3 Rxb6 60. Rh3 Rd6 61. Kc4 Rd2 62. Kc3 Rd7 63. Kc4 g5 64. Ra3 Ke5 65. Ra2 h5
66. Rf2 g4 67. Kc3 Ke4 68. Kc4 Rc7+ 69. Kb3 Nd4+ 70. Kb4 Rc2 71. Rf1 Rxh2 72.
Ka3 h4 0-1

[Event "Team men HL chess 2017"]
[Site "Sochi"]
[Date "2017.05.03"]
[Round "3.7"]
[White "Taysayev, Timur"]
[Black "Ponomarenko, Alexandr"]
[Result "1-0"]
[WhiteElo "2245"]
[BlackElo "2240"]
[PlyCount "161"]
[EventDate "2017.05.01"]

1. e4 c5 2. Nf3 Nc6 3. d4 cxd4 4. Nxd4 Nf6 5. Nc3 e5 6. Ndb5 d6 7. Bg5 a6 8.
Na3 b5 9. Bxf6 gxf6 10. Nd5 f5 11. c3 Bg7 12. exf5 Bxf5 13. Nc2 O-O 14. Nce3
Be6 15. a4 Rb8 16. axb5 axb5 17. Ra6 Ne7 18. Rxd6 Nxd5 19. Rxd8 Rfxd8 20. Nxd5
Bxd5 21. Qc1 Rd6 22. Be2 Bxg2 23. Rg1 Bc6 24. Bh5 f6 25. Qh6 Rb7 26. Bd1 Ra7
27. Ke2 Kh8 28. Bb3 Be4 29. Qh5 Bd3+ 30. Ke3 Re7 31. f3 Rdd7 32. Rd1 Bg6 33.
Rxd7 Rxd7 34. Qh3 Rd8 35. Qh4 h5 36. Ke2 Bd3+ 37. Ke1 Bg6 38. Qb4 Bh6 39. Qe7
Rf8 40. Bd5 Bg7 41. Bc6 e4 42. Bxe4 Re8 43. Qd6 Bxe4 44. fxe4 Rxe4+ 45. Kf1 Re5
46. b3 Kh7 47. Qd3+ Kh6 48. c4 bxc4 49. Qxc4 Bf8 50. b4 Bxb4 51. Qxb4 Kg6 52.
Qb1+ Kg7 53. Kf2 Rg5 54. Kf3 Re5 55. Kf4 Rg5 56. h3 Re5 57. Qd3 Rg5 58. Qd7+
Kg6 59. Qe8+ Kg7 60. Qe7+ Kg6 61. Qf8 Rf5+ 62. Kg3 Rg5+ 63. Kh4 Kf5 64. Qe8 Kf4
65. Qe6 Rf5 66. Qe7 Kf3 67. Qe1 Kf4 68. Qe6 Rg5 69. Qxf6+ Rf5 70. Qg6 Ke4 71.
Qe6+ Re5 72. Qc4+ Ke3 73. Qf1 Ke4 74. Qe2+ Kd5 75. Qd3+ Ke6 76. Qg6+ Ke7 77.
Kg3 Rd5 78. Kf4 Ra5 79. Qc6 Ra1 80. Kg5 Ra5+ 81. Kg6 1-0

[Event "Team men HL chess 2017"]
[Site "Sochi"]
[Date "2017.05.03"]
[Round "3.7"]
[White "Kayukov, Kirill"]
[Black "Nazaretyan, Tigran"]
[Result "1/2-1/2"]
[WhiteElo "2155"]
[BlackElo "2356"]
[PlyCount "146"]
[EventDate "2017.05.01"]

1. c4 e6 2. Nc3 d5 3. cxd5 exd5 4. d4 c6 5. Nf3 Bd6 6. Bg5 Ne7 7. e3 Qb6 8. Qd2
Bf5 9. Be2 Nd7 10. O-O O-O 11. a3 a5 12. Rac1 Rfe8 13. Bh4 Bg6 14. Bg3 Nf5 15.
Bxd6 Nxd6 16. Na4 Qd8 17. Nc5 Ne4 18. Qd1 Nexc5 19. dxc5 a4 20. Qd2 Ra5 21. Qb4
Qa8 22. Rc3 h6 23. Rfc1 Bh5 24. Qf4 Qd8 25. Qb4 Qc7 26. Qh4 Nf6 27. Kh1 Qe7 28.
Bd3 Bg6 29. Qb4 Qc7 30. Bxg6 fxg6 31. R3c2 Ne4 32. Kg1 g5 33. Nd4 g4 34. Nf5
Re6 35. f3 gxf3 36. gxf3 Ng5 37. Qg4 Rg6 38. Rg2 Qe5 39. h4 Nxf3+ 40. Qxf3
Rxg2+ 41. Kxg2 Rb5 42. Rc2 Rxb2 43. Ne7+ Kh7 44. Rxb2 Qxb2+ 45. Kh3 g6 46. Qf7+
Qg7 47. Qxg7+ Kxg7 48. Nc8 Kf6 49. Nd6 Ke5 50. Kg4 b5 51. Nb7 d4 52. Na5 dxe3
53. Nxc6+ Kd5 54. Nb4+ Kxc5 55. Kf3 Kc4 56. Kxe3 Kb3 57. Kd3 Kxa3 58. Kc3 g5
59. hxg5 hxg5 60. Nc2+ Ka2 61. Nd4 g4 62. Nxb5 g3 63. Nd4 g2 64. Ne2 Ka3 65.
Ng1 Ka2 66. Ne2 Kb1 67. Kb4 Kc2 68. Kxa4 Kd2 69. Ng1 Ke3 70. Kb4 Kf2 71. Nh3+
Kg3 72. Ng1 Kh2 73. Ne2 g1=Q 1/2-1/2

[Event "Team men HL chess 2017"]
[Site "Sochi"]
[Date "2017.05.03"]
[Round "3.7"]
[White "Tenikashvili, Georgij"]
[Black "Tereshechkina, Maya"]
[Result "1-0"]
[WhiteElo "2305"]
[BlackElo "2056"]
[PlyCount "57"]
[EventDate "2017.05.01"]

1. d4 e6 2. c4 d5 3. Nc3 Be7 4. Nf3 Nf6 5. cxd5 exd5 6. Bg5 h6 7. Bh4 O-O 8. e3
Bf5 9. Bxf6 Bxf6 10. Qb3 c5 11. Nxd5 Nc6 12. Nxf6+ Qxf6 13. dxc5 b6 14. cxb6
Rab8 15. Qc3 Qxc3+ 16. bxc3 Rxb6 17. Bc4 Na5 18. Bd5 Rc8 19. Rc1 Nc4 20. O-O
Rc5 21. e4 Bg4 22. Nd4 Rg6 23. Kh1 Rf6 24. f3 Ne3 25. Rfe1 Nxd5 26. exd5 Bd7
27. c4 Rf4 28. Re4 Rf6 29. Nb3 1-0

[Event "Team men HL chess 2017"]
[Site "Sochi"]
[Date "2017.05.03"]
[Round "3.7"]
[White "Dulenko, Maxim"]
[Black "Abrekov, Mussa"]
[Result "1-0"]
[WhiteElo "2144"]
[BlackElo "2219"]
[PlyCount "111"]
[EventDate "2017.05.01"]

1. e4 c5 2. Nf3 d6 3. c3 Nf6 4. Bd3 g6 5. O-O Bg7 6. Re1 O-O 7. Bf1 Nc6 8. d4
cxd4 9. cxd4 d5 10. e5 Ne4 11. Nc3 Nxc3 12. bxc3 b6 13. h3 Bb7 14. Bd3 Qc8 15.
Bg5 Re8 16. Rc1 Nd8 17. Nh2 Ba6 18. Qa4 b5 19. Bxb5 Bxb5 20. Qxb5 Ne6 21. Be3
Rd8 22. c4 dxc4 23. Rxc4 Qd7 24. Qxd7 Rxd7 25. Nf3 Nc7 26. Rec1 Nd5 27. Rc8+
Rd8 28. Rxa8 Rxa8 29. Rc5 e6 30. Ra5 Bf8 31. Ra4 Be7 32. Bd2 Kf8 33. Kf1 Ke8
34. Ke2 Kd7 35. Rc4 h5 36. g3 a5 37. Ne1 a4 38. Nd3 Ra7 39. Bb4 Bxb4 40. Nxb4
Ne7 41. a3 Nc8 42. Rc5 Ne7 43. h4 Ra8 44. Kd3 Ra7 45. Kc4 Nf5 46. Kc3 Ne7 47.
Kd3 Ra8 48. Rb5 Kc7 49. Kc4 Nc8 50. Rc5+ Kb7 51. d5 Nb6+ 52. Kb5 Nd7 53. Rc4
exd5 54. Nxd5 Rd8 55. Rc7+ Kb8 56. Ka6 1-0

[Event "Team men HL chess 2017"]
[Site "Sochi"]
[Date "2017.05.03"]
[Round "3.8"]
[White "Gusarov, Grigory"]
[Black "Bublei, Pavel"]
[Result "1-0"]
[WhiteElo "2320"]
[BlackElo "2399"]
[PlyCount "59"]
[EventDate "2017.05.01"]

1. d4 d5 2. Nf3 Nf6 3. c4 e6 4. g3 dxc4 5. Qa4+ Qd7 6. Qxc4 Qc6 7. Nbd2 Qxc4 8.
Nxc4 Bb4+ 9. Bd2 Nc6 10. Rc1 Bxd2+ 11. Ncxd2 Bd7 12. Bg2 O-O-O 13. Nc4 Kb8 14.
O-O Nd5 15. Rfd1 Nb6 16. Ng5 Nxc4 17. Rxc4 Na5 18. Rc5 b6 19. Rxa5 bxa5 20.
Nxf7 Rhf8 21. Nxd8 Rxd8 22. Rc1 Bb5 23. e3 Rd6 24. Be4 h6 25. h4 Rb6 26. Kg2 a4
27. a3 Bd7 28. Rc2 Kc8 29. Kf3 Kd8 30. Ke2 1-0

[Event "Team men HL chess 2017"]
[Site "Sochi"]
[Date "2017.05.03"]
[Round "3.8"]
[White "Antonenko, Vladimir"]
[Black "Ozgibcev, Anatoly"]
[Result "1/2-1/2"]
[WhiteElo "2311"]
[BlackElo "2379"]
[PlyCount "158"]
[EventDate "2017.05.01"]

1. d4 Nf6 2. c4 d6 3. Nf3 g6 4. Nc3 Bg7 5. e4 O-O 6. Be2 e5 7. O-O Nbd7 8. Re1
c6 9. Bf1 a5 10. dxe5 dxe5 11. Na4 Re8 12. Qc2 b6 13. h3 Nc5 14. Nxc5 bxc5 15.
Be3 Bf8 16. Bg5 h6 17. Rad1 Qe7 18. Bh4 Bg7 19. Rd2 g5 20. Bg3 Nh5 21. Red1 Nf4
22. Bxf4 exf4 23. e5 g4 24. hxg4 Bxg4 25. Qe4 Rad8 26. Qxf4 Rxd2 27. Rxd2 Bxf3
28. Qxf3 Qxe5 29. Qxc6 Qe1 30. Rd3 Bd4 31. Rg3+ Kh7 32. Rf3 Kg7 33. Qc7 Re7 34.
Qg3+ Kh7 35. Qh4 Rd7 36. Qg4 Re7 37. g3 Kh8 38. Kg2 Qe4 39. Qh5 Re6 40. Bd3 Qb7
41. Qf5 Kg7 42. Qg4+ Kf8 43. b3 Rf6 44. Bf5 Qe7 45. Rf4 Qb7+ 46. Re4 Rd6 47.
Qf3 Qc7 48. Be6 Qe7 49. Bf5 Qf6 50. Qg4 Qg5 51. Qf3 Rf6 52. Rf4 h5 53. Qd5 Kg7
54. a3 Kh6 55. b4 axb4 56. axb4 cxb4 57. Rxd4 Qxf5 58. Qxf5 Rxf5 59. Rd6+ Kg7
60. Rb6 Ra5 61. Rxb4 Ra3 62. Rb6 Rc3 63. Rc6 f6 64. f4 Kg6 65. Kh3 Rc1 66. Rc8
Rh1+ 67. Kg2 Rc1 68. Kf3 Kf5 69. Rc5+ Ke6 70. Ke4 Re1+ 71. Kd3 Rg1 72. Rxh5
Rxg3+ 73. Ke4 Rc3 74. Rc5 f5+ 75. Kd4 Rf3 76. Re5+ Kf6 77. c5 Rxf4+ 78. Kd5 Re4
79. Rxe4 fxe4 1/2-1/2

[Event "Team men HL chess 2017"]
[Site "Sochi"]
[Date "2017.05.03"]
[Round "3.8"]
[White "Savchuk, Vladimir"]
[Black "Gubsky, Egor"]
[Result "0-1"]
[WhiteElo "2077"]
[BlackElo "2284"]
[PlyCount "126"]
[EventDate "2017.05.01"]

1. d4 Nf6 2. Bf4 e6 3. e3 c5 4. c3 d5 5. Nd2 Bd6 6. Bg3 Nc6 7. Ngf3 O-O 8. Ne5
Ne7 9. Bd3 Qc7 10. O-O b6 11. f4 Bb7 12. Qf3 Nf5 13. Be1 Be7 14. Rd1 Nd6 15.
Bh4 Nfe4 16. Bxe7 Qxe7 17. Qh5 cxd4 18. exd4 a5 19. Rf3 g6 20. Qh6 Nf5 21. Qh3
f6 22. Ng4 Ba6 23. Nxe4 dxe4 24. Bxe4 Be2 25. Re1 Bxf3 26. Qxf3 Rad8 27. Bxf5
gxf5 28. Nh6+ Kh8 29. Nxf5 Qd7 30. Nh4 b5 31. Qh3 Rfe8 32. Re3 Qf7 33. Nf3 b4
34. c4 Qc7 35. b3 Qxf4 36. Rxe6 Qc1+ 37. Kf2 Qc2+ 38. Kf1 Qxa2 39. Qf5 Qa1+ 40.
Kf2 Qb2+ 41. Kf1 Qc1+ 42. Kf2 Rxe6 43. Qxe6 Qc2+ 44. Kf1 Qg6 45. d5 Re8 46. Qc6
Qd3+ 47. Kg1 Qb1+ 48. Kf2 Qb2+ 49. Kf1 Rg8 50. g3 Qb1+ 51. Kf2 Qc2+ 52. Kf1 Qf5
53. d6 Rc8 54. Qb7 Rd8 55. Kg2 Qc2+ 56. Kh3 Qd3 57. c5 Qf5+ 58. g4 Qxc5 59. d7
Qd6 60. Qb5 Qxd7 61. Qxa5 Qd5 62. Qxd5 Rxd5 63. Ne1 Rd1 0-1

[Event "Team men HL chess 2017"]
[Site "Sochi"]
[Date "2017.05.03"]
[Round "3.8"]
[White "Kuzmin, Artem"]
[Black "Bezdenezhnyh, Pavel"]
[Result "1-0"]
[WhiteElo "2040"]
[BlackElo "2188"]
[PlyCount "65"]
[EventDate "2017.05.01"]

1. e4 c5 2. c3 d5 3. exd5 Qxd5 4. d4 e6 5. Nf3 Nf6 6. Na3 Nc6 7. Be3 cxd4 8.
Nb5 Qd8 9. Nfxd4 Nd5 10. Bc1 Bd7 11. Be2 Be7 12. O-O O-O 13. Nxc6 bxc6 14. Nd4
c5 15. Nb3 Ba4 16. Bd3 Qc7 17. Qg4 Bd7 18. Bh6 Qe5 19. f4 Qe3+ 20. Kh1 Bf6 21.
Rf3 Kh8 22. Rxe3 Nxe3 23. Qf3 c4 24. Bg5 Bxg5 25. fxg5 Nxg2 26. Be4 Nh4 27. Qf2
Ng6 28. Bxa8 Rxa8 29. Nd4 e5 30. Qxf7 Be8 31. Qb7 Rd8 32. Nf5 Bd7 33. Qc7 1-0